000
00337nam a2200145Ia 4500
008
150201s1997 xx 000 0 und d
082
_a
610.7
_b
M97T
100
_a
THOMPSON , JUNE M.
245
_a
MOSBY' CLINICAL NURSING
250
_a
4TH
260
_b
MOSBY
_a
ST. LOUIS
_c
1997
300
_a
1836
650
_a
NURSING
942
_2
ddc
_c
BK
999
_c
2039
_d
2039